000 00205 a2200109 4500
020 _a9788415619857
041 _aspa
100 _aSusanna Isern
245 _aEl Ovillo Magico
942 _cBK
952 _71
999 _c24048
_d24048